Χωρίς μάσκες
Αποθηκεύτηκε σε:
| Κύριος συγγραφέας: | |
|---|---|
| Μορφή: | Βιβλίο |
| Γλώσσα: | Greek Portuguese |
| Δημοσίευση: |
Αθήνα :
Printa,
c1994.
|
| Σειρά: | Στις πηγές της γνώσης ;
8 |
| Θέματα: | |
| Ετικέτες: |
Προσθήκη ετικέτας
Δεν υπάρχουν, Καταχωρήστε ετικέτα πρώτοι!
|
MARC
| LEADER | 00000cam a2200000 i 4500 | ||
|---|---|---|---|
| 001 | 1/30883 | ||
| 008 | 130604s1994 gr | || |||| ||gre|| | ||
| 020 | |a 9607408071 | ||
| 035 | |l 10114638 | ||
| 040 | |a GR-MyUa |b gre |e AACR2 | ||
| 041 | 1 | |a gre |h por | |
| 082 | 7 | |a 869.1 |2 (22) | |
| 100 | 1 | |a Pessoa, Fernando, |d 1888-1935. | |
| 245 | 1 | 0 | |a Χωρίς μάσκες / |c Fernando Pessoa ; μετάφραση, εισαγωγή: Αλέξανδρος Βέλιος. |
| 260 | |a Αθήνα : |b Printa, |c c1994. | ||
| 300 | |a 121 σ. ; |b εικ.; |c 20 εκ. | ||
| 490 | 1 | |a (Στις πηγές της γνώσης ; |v 8) | |
| 650 | 0 | |a Portuguese poetry. | |
| 830 | 0 | |a Στις πηγές της γνώσης ; |v 8 | |
| 852 | |a INST |b SYROS |e 20130604 |h 869.1 PES |p 005500011567 |q 005500011567 |t BK |y 0 | ||
| 901 | |a BIBL5-2013-1 | ||
| 970 | |a Κοντού |b Παρασκευή |z 04/06/2013 | ||